000 01249nam a22003497a 4500
003 CHAP
005 20250925062747.0
008 971013s1985 r 00010 d
010 _a58228
011 _a59200
035 _a63358
040 _cCHAP
090 _aTesis
100 0 0 _aPriego Roche, Ricardo.
_991596
245 _aEstudio de la tendencia anual de pariciones en vacas Cebú-Suizo y Cebú bajo condiciones de pastoreo en el trópico húmedo de Tabasco
260 _a(Monterrey, N.L.) :
_bEl autor,
_c1985
300 _a98 h.
_b: gráfs.
502 _aTesis (Ing. Agr. Zootecnista) -- ITESM. División de Ciencias Agropecuarias y Marítimas
590 _aALEPH
_b10
_c20130110
_lUCH01
_h1336
590 _aBATCH-UPD
_b10
_c20130110
_lUCH01
_h0340
590 _aBATCH-UPD
_b10
_c20130110
_lUCH01
_h1726
590 _aBATCH-UPD
_b10
_c20130410
_lUCH01
_h0013
590 _aBATCH-UPD
_b10
_c20130914
_lUCH01
_h1511
590 _aCONVERSION
_b10
_c20130109
_lUCH01
_h1331
650 1 7 _aGanado cebú
_2
_945056
650 1 4 _aGanado vacuno
_xPastoreo.
_945502
650 1 4 _aGanado vacuno
_xReproducción.
_945510
650 1 4 _aGanado vacuno
_zTabasco.
_945533
901 _aBK
942 _cTESIS
949 _bBC
_cTES
_d-136063
_eTS1
_h17730
_i63358
_si
999 _c58228
_d58228